书目信息 |
| 题名: |
题花
|
|
| 作者: | 向际纯 编绘 | |
| 分册: | ||
| 出版信息: | 成都 四川人民出版社 1979 |
|
| 页数: | 106页 | |
| 开本: | 19cm | |
| 丛书名: | ||
| 单 册: | ||
| 中图分类: | J228.1 | |
| 科图分类: | ||
| 主题词: | 报刊-图案--中国--现代 , 图案-报刊--中国--现代 , 绘画--中国 | |
| 电子资源: | ||
| ISBN: | ||
| 000 | 00619nam0 2200241 45 | |
| 001 | 0179007406 | |
| 005 | 20060819090321.48 | |
| 010 | @dCNY0.50 | |
| 091 | @aCN@b8118.637 | |
| 100 | @a19950721d1979 em y0chiy0121 ea | |
| 101 | 0 | @achi |
| 102 | @aCN@b510000 | |
| 105 | @aa z 000yy | |
| 200 | 10 | @a题花@Ati hua@f向际纯编绘 |
| 210 | @a成都@c四川人民出版社@d1979 | |
| 215 | @a106页@d19cm | |
| 606 | @a报刊-图案@y中国@z现代 | |
| 606 | @a图案-报刊@y中国@z现代 | |
| 606 | 0 | @a绘画@x中国 |
| 690 | @aJ228.1@v3 | |
| 701 | 0 | @a向际纯@Axiang ji chun@4编绘 |
| 801 | 0 | @aCN@bTSSF@c20060819 |
| 905 | @a10447@dJ228.1@e172:1 | |
| 题花/向际纯编绘.-成都:四川人民出版社,1979 |
| 106页;19cm |
| ISBN :CNY0.50 |
| ● |
| 相关链接 |
|
|
|
|
正题名:题花
索取号:J228.1/172:1
 
预约/预借
| 序号 | 登录号 | 条形码 | 馆藏地/架位号 | 状态 | 备注 |
| 1 | 0466792 | 204667921 | 密集书库/ [索取号:J228.1/172:1] | 在馆 | |
| 2 | 0466793 | 204667930 | 密集书库/ [索取号:J228.1/172:1] | 在馆 |